Informe Alternativo al Sp̌timo Informe Presentado por el Estado de Colombia al Comit ̌de Derechos Humanos de las Naciones Unidas (2010 - 2016)

Bibliographic Details
Format: eBook
Language:Spanish
Published: Bogot:̀ Comisin̤ Colombiana de Juristas, 2016
Subjects:
Online Access:Acceso restringido

MARC

LEADER 00000nam a22000007a 4500
005 20200311232413.0
007 cr|||| ||||
008 200311s2016 co |||||s|||| 00||0 spa d
020 |a 978-958-9348-68-0 
035 |a 31157 
040 |a vLex 
090 |c 10238  |d 10238 
245 0 0 |a Informe Alternativo al Sp̌timo Informe Presentado por el Estado de Colombia al Comit ̌de Derechos Humanos de las Naciones Unidas (2010 - 2016)  |h [Recurso electrn̤ico] / 
256 |a Servicio en ln̕ea 
260 |a Bogot:̀  |b Comisin̤ Colombiana de Juristas,  |c 2016 
300 |a 1 recurso electrn̤ico 
506 1 |a Disponible solo en los productos indicados  |d vLex Global  |d vLex Global (Academic Edition, excluding Law Schools)  |d vLex Global (U.S. Academic Edition, Law Schools)  |d vLex Global (U.S. Academic Edition, excluding Law Schools)  |d vLex Global (Academic Edition, Law Schools) 
650 0 4 |a Derecho Internacional  |z Colombia 
740 0 |a vLex Libros (Servicio en ln̕ea) 
856 4 0 |u http://vlex.com/source/informe-alternativo-septimo-informe-presentado-estado-colombia-comite-derechos-humanos-naciones-unidas-2010-2016-31157  |z Acceso restringido 
942 |c BOOK 
999 0 |a International right